ARRUPE JESUIT UNIVERSITY

CORONAVIRUS -STOP THE SPREAD - CLEAN,DISINFECT,COVER

How experiments end / (Record no. 122995)

MARC details
000 -LEADER
fixed length control field 01015nam a2200313 a 4500
005 - DATE AND TIME OF LATEST TRANSACTION
control field 20150717112857.0
008 - FIXED-LENGTH DATA ELEMENTS--GENERAL INFORMATION
fixed length control field 870309s1987 ilua b 001 0 eng 0
010 ## - LIBRARY OF CONGRESS CONTROL NUMBER
LC control number 87005928
020 ## - INTERNATIONAL STANDARD BOOK NUMBER
International Standard Book Number 0226279154 (pbk. : alk. paper) :
Terms of availability $12.00 (est.)
020 ## - INTERNATIONAL STANDARD BOOK NUMBER
International Standard Book Number 0226279146 (alk. paper) :
Terms of availability $36.00 (est.)
035 ## - SYSTEM CONTROL NUMBER
System control number ABK9599LB
035 ## - SYSTEM CONTROL NUMBER
System control number (OCoLC)ocm15421534
040 ## - CATALOGING SOURCE
Original cataloging agency DLC
Transcribing agency DLC
Modifying agency SMI
-- WaOLN
049 ## - LOCAL HOLDINGS (OCLC)
Holding library SMIH
Local processing data 39088005642707
Holding library SMIL
Local processing data 39088005642715
050 00 - LIBRARY OF CONGRESS CALL NUMBER
Classification number QC6
Item number .G22 1987X
099 ## - LOCAL FREE-TEXT CALL NUMBER (OCLC)
Classification number QC6.G22 1987X
100 1# - MAIN ENTRY--PERSONAL NAME
Personal name Galison, Peter,
Dates associated with a name 1955-
9 (RLIN) 13903
245 10 - TITLE STATEMENT
Title How experiments end /
Statement of responsibility, etc Peter Galison.
260 ## - PUBLICATION, DISTRIBUTION, ETC. (IMPRINT)
Place of publication, distribution, etc Chicago :
Name of publisher, distributor, etc University of Chicago Press,
Date of publication, distribution, etc c1987.
300 ## - PHYSICAL DESCRIPTION
Extent xii, 330 p. :
Other physical details ill. ;
Dimensions 25 cm.
500 ## - GENERAL NOTE
General note Includes index.
504 ## - BIBLIOGRAPHY, ETC. NOTE
Bibliography, etc Bibliography: p. 285-307.
650 #0 - SUBJECT ADDED ENTRY--TOPICAL TERM
Topical term or geographic name as entry element Physics
General subdivision Methodology
9 (RLIN) 15839
650 #0 - SUBJECT ADDED ENTRY--TOPICAL TERM
Topical term or geographic name as entry element Physics
General subdivision Experiments
9 (RLIN) 18373
650 #0 - SUBJECT ADDED ENTRY--TOPICAL TERM
Topical term or geographic name as entry element Physics
General subdivision Philosophy
9 (RLIN) 18374
650 #0 - SUBJECT ADDED ENTRY--TOPICAL TERM
Topical term or geographic name as entry element Science
General subdivision History
9 (RLIN) 18375
942 ## - ADDED ENTRY ELEMENTS (KOHA)
Source of classification or shelving scheme Library of Congress Classification
Item type Monograph ( Printed materials)
945 ## - LOCAL PROCESSING INFORMATION (OCLC)
a nps
Holdings
Withdrawn status Lost status Source of classification or shelving scheme Damaged status Not for loan Collection code Home library Current library Shelving location Date acquired Total Checkouts Full call number Barcode Date last seen Price effective from Koha item type
    Library of Congress Classification     Main Collection ARRUPE LIBRARY ARRUPE LIBRARY Main Collection 17/07/2015   QC6 .G22 1987X 46500004444 02/07/2019 17/07/2015 Monograph ( Printed materials)

 

Arrupe Library. PO Box MP320 Mt Pleasant, Harare, Zimbabwe
263 242 745411|librarian@aju.ac.zw